| 000 | 00554nam a2200217Ia 4500 | ||
|---|---|---|---|
| 999 |
_c3231 _d3231 |
||
| 003 | 0100 | ||
| 008 | 130227s9999 xx 000 0 und d | ||
| 040 | _cARRUPELIB | ||
| 050 | _aB765.T54T6713 | ||
| 100 |
_aTorrell, Jean-Pierre _937182 |
||
| 245 | _aAquinas's summa | ||
| 245 | _bbackground, structure and reception | ||
| 260 | _aWashington | ||
| 260 | _bThe Catholic University of America Press | ||
| 300 | _a156p. | ||
| 300 | _b 23 cm | ||
| 600 |
_aThomas, Aquinas, St. _xSumma theologica _y1225?-1274 _937183 |
||
| 650 |
_bTheology, Doctrinal _937184 |
||
| 650 |
_bCatholic Church _xDoctrines _94786 |
||
| 700 |
_aGuevin, Benedict M. (tr.) _937185 |
||
| 942 |
_2lcc _02 _cMONOGRAPH |
||